Αριστερά και θρησκεία, η θεολογία της απελευθέρωσης

Αποθηκεύτηκε σε:
Λεπτομέρειες βιβλιογραφικής εγγραφής
Άλλοι συγγραφείς: Sweezy, Paul Marlor 1910-, Φραγκόπουλος, Μίλτος, 1951- (Μεταφραστής)
Μορφή: Βιβλίο
Γλώσσα:Greek
Δημοσίευση: Αθήνα : Μηνιαία επιθεώρηση, [χ.χ.]
Θέματα:
Ετικέτες: Προσθήκη ετικέτας
Δεν υπάρχουν, Καταχωρήστε ετικέτα πρώτοι!

MARC

LEADER 00000nam a2200000 i 4500
001 1/14188
008 980428s gre d
035 |l 10019329 
040 |a GR-MY-UA  |b gre  |e aacr 
041 0 |a gre 
082 0 |a 320.5315 
245 1 0 |a Αριστερά και θρησκεία, η θεολογία της απελευθέρωσης /  |c P. Sweezy ...[et al.] ; μετάφραση: Μίλτος Φραγκόπουλος 
260 |a Αθήνα :   |b Μηνιαία επιθεώρηση,   |c [χ.χ.] 
300 |a 170 σ. 
500 |a Ειδική έκδοση: Μηνιαία εποθεώρηση, ελληνική έκδοση του Monthly Review 
650 0 0 |a Religion  |x Social aspects. 
650 0 0 |a Religion and politics. 
650 0 0 |a Communism  |x Religious aspects. 
700 1 |a Sweezy, Paul Marlor  |d 1910- 
700 1 |a Φραγκόπουλος, Μίλτος,   |d 1951-  |4 trl 
852 |a INST  |b LESVOS  |e 19980428  |h 320.5315 ΑΡΙ  |p 005100014178  |q 005100014178  |t BK  |y 0 
901 |a BIBL-1998-2 
909 |a Λ  |b 055343 
922 |a 1ΕΛΗ  |b 199803  |c ΚΠΣ/ΤΚ  |d EMVASIS 
950 |a 103-1998-02-16 
970 |z 2000/06/ΟΙΚΟΝΟΜΟΠΟΥΛΟΥ ΧΡΙΣΤΙΝΑ